Rain clouds gather over the ODPM's parade (Record no. 74201)

MARC details
000 -LEADER
fixed length control field 01372cab a2200229 4500
001 - CONTROL NUMBER
control field ABS67531
008 - FIXED-LENGTH DATA ELEMENTS--GENERAL INFORMATION
fixed length control field 040301n2004 000 0 eng u
035 ## - SYSTEM CONTROL NUMBER
System control number (Sirsi) u125279
100 ## - MAIN ENTRY--PERSONAL NAME
Personal name Greenish, D.
245 ## - TITLE STATEMENT
Title Rain clouds gather over the ODPM's parade
260 ## - PUBLICATION, DISTRIBUTION, ETC.
Date of publication, distribution, etc. 2004
490 ## - SERIES STATEMENT
Series statement Estates Gazette
Volume/sequential designation (0408) 21 February 2004, 124-126(3)
520 ## - SUMMARY, ETC.
Summary, etc. Argues that the right to enfranchise route to buying the freehold of a flat is fraught with procedural pitfalls and is inferior and more expensive than the current system. Reviews the background to the development of the concept of a right to enfranchise company and outlines the practical problems associated with it: the lack of deemed service provisions for the notice of invitation to participate, the fact that the price on a collective enfranchisement is entirely dependent on the number of participators and the lease length of each participator. Recommends that those who want to buy their freeholds should do so now before the introduction of the new provisions under the Commonhold and Leasehold Reform Act 2002.
590 ## - LOCAL NOTE (RLIN)
Local note ABS
650 ## - SUBJECT ADDED ENTRY--TOPICAL TERM
Topical term or geographic name entry element COMMONHOLD AND LEASEHOLD REFORM ACT 2002
650 ## - SUBJECT ADDED ENTRY--TOPICAL TERM
Topical term or geographic name entry element RIGHT TO ENFRANCHISE
650 ## - SUBJECT ADDED ENTRY--TOPICAL TERM
Topical term or geographic name entry element COLLECTIVE ENFRANCHISEMENT
650 ## - SUBJECT ADDED ENTRY--TOPICAL TERM
Topical term or geographic name entry element SERVING NOTICES
650 ## - SUBJECT ADDED ENTRY--TOPICAL TERM
Topical term or geographic name entry element QUALIFYING TENANTS
690 ## - LOCAL SUBJECT ADDED ENTRY--TOPICAL TERM (OCLC, RLIN)
Topical term or geographic name as entry element LANDLORD AND TENANT-LEASEHOLD REFORM
942 ## - ADDED ENTRY ELEMENTS (KOHA)
Suppress in OPAC 0
Holdings
Withdrawn status Lost status Source of classification or shelving scheme Damaged status Not for loan Home library Current library Shelving location Date acquired Total Checkouts Full call number Barcode Date last seen Copy number Price effective from Koha item type
    Dewey Decimal Classification     London London Journal article 01/03/2004   ABS67531 125279-1001 06/08/2019 1 06/08/2019 Journal article